Analýza súvislostí medzi pracovným výkonom zamestnanca a výkonnosťou podniku diplomová práca

Salvato in:
Dettagli Bibliografici
Autore principale: Pavlisková, Katarína
Ente Autore: Podnikovohospodárska fakulta EU so sídlom v Košiciach. Katedra manažmentu
Altri autori: Čarnický, Štefan
Natura: Libro
Lingua:slovacco
Pubblicazione: Košice 2014
Tags: Aggiungi Tag
Nessun Tag, puoi essere il primo ad aggiungerne!!

MARC

LEADER 00000nbm a2200000 4500
001 0187075
005 20170201084733.6
041 0 |a slo 
044 |a SK 
245 1 0 |a Analýza súvislostí medzi pracovným výkonom zamestnanca a výkonnosťou podniku  |b diplomová práca  |c Katarína Pavlisková ; školiteľ: Štefan Čarnický 
264 1 |a Košice  |c 2014 
300 |a 75 s. 
100 1 |a Pavlisková, Katarína 
700 1 |a Čarnický, Štefan 
710 2 |a Podnikovohospodárska fakulta EU so sídlom v Košiciach. Katedra manažmentu